Geomorphic analysis of river systems
Uloženo v:
| Hlavní autor: | |
|---|---|
| Další autoři: | |
| Médium: | Neznámo |
| Jazyk: | angličtina |
| Vydáno: |
Oxford, United Kingdom.
Wiley-Blackwell,
2013
|
| Témata: | |
| Tagy: |
Přidat tag
Žádné tagy, Buďte první, kdo vytvoří štítek k tomuto záznamu!
|
MARC
| LEADER | 00000 a2200000 4500 | ||
|---|---|---|---|
| 003 | CL-VaPUC | ||
| 005 | 20211104074327.0 | ||
| 008 | 200319b ||||| |||| 00| 0 eng d | ||
| 999 | |c 416869 |d 416867 | ||
| 020 | |a 9781405192750 | ||
| 040 | |c Pontificia Universidad Católica de Valparaíso | ||
| 082 | 0 | 4 | |a 551.483 FRY 2013 |
| 100 | 1 | |a Fryirs, Kirstie A. |9 719904 | |
| 245 | 1 | 0 | |a Geomorphic analysis of river systems |
| 260 | |a Oxford, United Kingdom. |b Wiley-Blackwell, |c 2013 | ||
| 300 | |a 345 páginas | ||
| 583 | |k Cristina Rojas |c 20200319 | ||
| 650 | 0 | 0 | |a Geomorfología |9 261377 |
| 650 | 0 | 0 | |a Cuencas hidrográficas |9 366259 |
| 650 | 0 | 0 | |a Cuencas Fluviales |9 352343 |
| 650 | 0 | 0 | |a Rios |9 261760 |
| 650 | 0 | 0 | |a Hidrología |9 261396 |
| 700 | |a Brierley, Gary J. |9 737754 | ||
| 942 | |2 ddc |c BK | ||
| 952 | |0 0 |1 0 |2 ddc |4 0 |6 551_483000000000000_FRY_2013 |7 0 |9 561691 |a BIBAGR |b BIBAGR |d 2020-03-19 |e 1 |g 54328.00 |i 5574447 |o 551.483 FRY 2013 |p 5574447 |r 2025-01-20 |t 1 |v 54328.00 |w 2020-03-19 |y BK |k AGR | ||